Statistics for Cities in Shandong

Click here to take the quiz!

General Stats

  • This quiz has been taken 9 times
  • The average score is 10 of 17

Answer Stats

PopulationCity% Correct
3,530,000Jinan
100%
3,990,000Qingdao
100%
1,260,000Weifang
75%
2,260,000Zibo
75%
610,000Liaocheng
63%
1,120,000Tai'an
63%
700,000Weihai
63%
1,800,000Yantai
63%
410,000Binzhou
50%
530,000Dezhou
50%
940,000Jining
50%
1,520,000Linyi
50%
900,000Rizhao
50%
850,000Dongying
38%
980,000Zaozhuang
38%
560,000Heze
25%
670,000Laiwu
25%

Score Distribution

Percentile by Number Answered

Percent of People with Each Score

Your Score History

You have not taken this quiz